The living fields : our agricultural heritage /
محفوظ في:
المؤلف الرئيسي:
التنسيق: كتاب
اللغة: English
منشور في:
Cambridge [England] ; New York, NY, USA :
Cambridge University Press,
1995.
الموضوعات:
الوسوم: إضافة وسم
لا توجد وسوم, كن أول من يضع وسما على هذه التسجيلة!
رقم الطلب: GN799 .A4 H37 1995
| LEADER | 01243namaa2200301 4500 | ||
|---|---|---|---|
| 001 | 24740 | ||
| 003 | OSt | ||
| 005 | 20250807081826.0 | ||
| 008 | 130303s1995 enkab g b 001 0 eng d | ||
| 010 | |a 94042948 | ||
| 020 | |a 0521401127 | ||
| 040 | |c ARCE Library | ||
| 050 | 4 | |a GN799 .A4 H37 1995 | |
| 100 | 1 | |a Harlan, Jack R. |q (Jack Rodney), |e author | |
| 245 | 1 | 4 | |a The living fields : |b our agricultural heritage / |c Jack R. Harlan. |
| 264 | 1 | |a Cambridge [England] ; |a New York, NY, USA : |b Cambridge University Press, |c 1995. | |
| 300 | |a xi, 271 pages : |b illustrations, maps ; |c 24 cm. | ||
| 500 | |a OCLC 31707824 | ||
| 504 | |a Includes bibliographical references (pages [251]-263) and index. | ||
| 505 | 0 | |a •1. 'Of Pride and Prejudice' •2. Evolution and revolution: the process of domestication •3. Stones and bones •4. The Near East •5. Africa •6. The Far East •7. The Americas •8. Some traditional techniques •9. Where we stand •References •Index | |
| 650 | 0 | |a Agriculture |x Origin. | |
| 650 | 0 | |a Crops |x History. |9 12498 | |
| 650 | 0 | |a Plant remains (Archaeology) | |
| 650 | 0 | |a Plants, Cultivated |x History. | |
| 650 | 0 | |a Traditional farming |x History. | |
| 901 | |a reviewed | ||
| 942 | |c BK |2 lcc | ||
| 999 | |c 23062 |d 23062 | ||
